Sanat - "Mietin sua pahalla" - Pehmoaino - Statistics

Yleistilastot
  • Tätä visaa on pelattu 307 kertaa
  • Keskiarvotulos 189 / 271
Vastaustilastot
Vastaus % Oikein
en
96%
sua
96%
et
94%
Et
94%
92%
87%
oo
86%
mut
85%
pahalla
85%
ikinä
84%
koskaan
83%
sen
83%
kun
81%
ei
80%
enää
80%
oot
80%
Se
80%
se
80%
Toivon
79%
toivon
79%
Miten
78%
miten
78%
me
77%
anteeksi
76%
etten
76%
nää
76%
mun
75%
saa
75%
sun
75%
ja
74%
oon
74%
joka
73%
koskea
73%
miettis
73%
on
72%
päätit
72%
siihen
72%
teinhän
72%
voin
72%
iho
71%
paloi
71%
selväksi
71%
varmasti
71%
ilman
70%
lupaa
70%
pahaa
70%
eikä
69%
ketään
69%
koskis
69%
vähän
69%
kipu
68%
luoksesi
68%
muut
68%
kuvassa
67%
löysi
67%
yksi
67%
ikisessä
66%
kiinnostaa
66%
mukana
66%
niistä
66%
joita
65%
katkera
65%
mitään
65%
muistaa
65%
myönnän
65%
rajan
65%
ylitit
65%
joko
64%
jos
64%
tahallaan
64%
tuomitaan
64%
voisin
64%
antaa
63%
menneestä
63%
piirsin
63%
kaiken
62%
siitä
62%
viime
62%
olla
61%
pahoillaan
60%
paljon
60%
sulta
60%
tehnyt
60%
itselle
59%
mäkin
59%
olin
59%
tee
59%
vahvempi
59%
luulet
58%
nautin
58%
vallasta
58%
ykskään
58%
er
57%
isku
57%
jonka
57%
kaikesta
57%
lauseella
57%
meissä
57%
mokannu
57%
pahoittelu
57%
sait
57%
tunsit
57%
veis
57%
voit
57%
itsestä
56%
jokaisesta
56%
muutut
56%
väärässä
56%
välität
56%
ainoastaan
55%
eniten
55%
jota
55%
kertoisin
55%
kiitollinen
55%
luulin
55%
muutamal
55%
sittenki
55%
uskomaan
55%
älä
54%
eroo
54%
maailman
54%
paras
54%
sujut
54%
aiemmin
53%
totuuden
53%
kuulukaan
52%
parhaillas
52%
rumaa
52%
Sanoit
52%
satuttaa
52%
syksy
52%
valheiden
52%
kaikkee
51%
verkkoon
51%
kiedoit
50%
niin
50%
tota
50%
viesti
50%
kuollut
49%
päälle
49%
puhun
49%
vihje
49%
päässä
48%
viimenen
48%
josta
47%
tietää
46%
eloton
45%
tasan
45%
ois
44%
voinut
43%
tiiät
42%
pahoillan
39%
suo
23%
uho
3%
aukioille
2%
voinsin
1%
Ehtoja vastaavia visoja ei löytynyt
Tulosjakauma
Jokaisen tuloksen saaneiden osuus
Persentiili vastausten määrän mukaan
Tuloshistoriasi
Et ole pelannut tätä visaa